[Event "DVM U20 2013"]
[Site "Osnabrück GER"]
[Date "2013.12.29"]
[Round "6"]
[White "Grünter, Martin"]
[Black "Pauly, Carlo"]
[Result "0-1"]
[Termination "normal"]
[Board "1.2"]
[WhiteElo "2232"]
[BlackElo "2100"]
[WhiteTeam "Hamburger SK"]
[BlackTeam "SG Porz"]
[WhiteFideId "24640352"]
[BlackFideId "24673269"]
[EventCountry "GER"]
[EventRounds "7"]
[EventType "team-swiss"]
[EventDate "2013.12.26"]

1. e4 c5 2. c3 g6 3. d4 cxd4 4. cxd4 d5 5. e5 Nc6 6. h3 f6 7. f4 Nh6 8. g4 fxe5
9. fxe5 e6 10. Nf3 Nf7 11. Bg2 Be7 12. O-O O-O 13. Nc3 Bd7 14. Be3 Rc8 15. Qe2
Na5 16. Rad1 a6 17. Bc1 Rxc3 18. bxc3 Bb5 19. Qc2 Bxf1 20. Rxf1 Nc4 21. a4 Qb6
22. Kh2 Qa5 23. h4 Nb6 24. Qb1 Bd8 25. g5 Qxa4 26. h5 Qb5 27. Ba3 Qxb1 28. Rxb1
Re8 29. hxg6 hxg6 30. Bc5 Na4 31. Rxb7 Nxc3 32. Bf1 a5 33. Rb3 Ne4 34. Bb5 Nxc5
35. dxc5 Re7 36. Ba4 Bc7 37. Re3 Bb8 38. Kg3 Rb7 39. c6 Rb4 40. Bc2 Kg7 41. Rb3
Rxb3 42. Bxb3 Nxe5 43. Nxe5 Bxe5+ 44. Kf3 Kf7 45. Bc2 Bc7 46. Bb3 Ke7 47. Bc2
Kd6 48. Bxg6 Kxc6 49. Be8+ Kc5 50. Bd7 e5 51. g6 e4+ 52. Ke3 Be5 53. Ba4 Bg7
54. Bd7 Bh6+ 55. Ke2 d4 56. Bf5 d3+ 57. Kd1 Kd4 58. Bd7 e3 59. Ke1 Bf8 60. Bg4
e2 61. Kf2 a4 62. Be6 Bb4 0-1

[Event "DVM U20 2013"]
[Site "Osnabrück GER"]
[Date "2013.12.29"]
[Round "6"]
[White "Finke, Kai"]
[Black "Kramer, Julian"]
[Result "1/2-1/2"]
[Termination "normal"]
[Board "1.3"]
[WhiteElo "2100"]
[BlackElo "2121"]
[WhiteTeam "SG Porz"]
[BlackTeam "Hamburger SK"]
[WhiteFideId "1270611"]
[BlackFideId "12921742"]
[EventCountry "GER"]
[EventRounds "7"]
[EventType "team-swiss"]
[EventDate "2013.12.26"]

1. d4 d5 2. c4 c6 3. Nf3 Nf6 4. Nc3 e6 5. Bg5 h6 6. Bxf6 Qxf6 7. e3 Nd7 8. cxd5
exd5 9. Bd3 Bd6 10. Qc2 O-O 11. O-O Qe7 12. a3 Nf6 13. h3 Re8 14. Nd2 Be6 15.
Na4 Bc7 16. Rfc1 Qd6 17. Nf1 Ne4 18. b4 Rad8 19. Nc5 Nxc5 20. Qxc5 Qxc5 21.
Rxc5 a6 22. Rc2 Bd6 23. Rb1 Ra8 24. Nd2 a5 25. bxa5 Bc8 26. a6 bxa6 27. a4 Bd7
28. Rb6 Reb8 29. Rcb2 a5 30. Rxb8+ Rxb8 31. Rxb8+ Bxb8 32. Nb3 Bc7 33. g4 Kf8
34. Kf1 Ke7 35. Ke2 h5 36. f3 Bb6 37. Bc2 Kf6 38. Kf2 Bc8 39. Bd3 Bc7 40. Be2
Kg5 41. Kg2 Kh4 42. Bd3 Bb6 43. Kh2 Bd7 44. Bc2 Bc7+ 45. Kg2 g6 46. Bd3 Kg5 47.
Kf2 hxg4 48. hxg4 Bc8 49. Be2 Kh4 50. Bd3 Kh3 51. Bf1+ Kh2 52. Bd3 Bd8 53. Be2
f5 54. g5 Bxg5 55. Nxa5 Bh4+ 56. Kf1 f4 57. Bd3 fxe3 58. Ke2 Bf2 59. Nxc6 Kg1
60. Kd1 Bd7 61. Nb4 Bxa4+ 62. Ke2 Bb3 63. Bxg6 Kg2 64. Bc2 Bc4+ 65. Bd3 Bb3 66.
Bc2 Bc4+ 67. Bd3 Bb3 68. Bc2 1/2-1/2

[Event "DVM U20 2013"]
[Site "Osnabrück GER"]
[Date "2013.12.29"]
[Round "6"]
[White "Riederer, Martin"]
[Black "Eigemann, Frederik"]
[Result "1/2-1/2"]
[Termination "normal"]
[Board "1.4"]
[WhiteElo "2034"]
[BlackElo "2015"]
[WhiteTeam "Hamburger SK"]
[BlackTeam "SG Porz"]
[WhiteFideId "12903140"]
[BlackFideId "24692034"]
[EventCountry "GER"]
[EventRounds "7"]
[EventType "team-swiss"]
[EventDate "2013.12.26"]

1. d4 e6 2. c4 Bb4+ 3. Bd2 a5 4. a3 Bxd2+ 5. Qxd2 Nf6 6. Nc3 b6 7. e4 d6 8. Bd3
e5 9. Nge2 Nbd7 10. b3 O-O 11. O-O Bb7 12. d5 Nc5 13. Bc2 Qe7 14. Ng3 g6 15.
Nd1 Bc8 16. f3 Ne8 17. Ne3 Qg5 18. b4 Nd7 19. Rfd1 Ng7 20. Rab1 h5 21. Kh1 Kh8
22. Nef1 Qxd2 23. Nxd2 f5 24. Ne2 Nf6 25. Nc3 h4 26. Nb5 Rf7 27. exf5 Nxf5 28.
Bd3 Nh5 29. Nb3 a4 30. Nd2 Nf4 31. Nf1 Kg7 32. Rbc1 Ba6 33. Bxf5 gxf5 34. Rd2
Kf6 35. Ne3 Bxb5 36. cxb5 Ra7 37. g3 Ng6 38. Kg2 Rh7 39. Rdc2 f4 40. Ng4+ Kf5
41. Rc4 hxg3 42. hxg3 fxg3 43. Ne3+ Kf6 44. Kxg3 Nf4 45. R1c2 Rh3+ 46. Kf2 Rh2+
47. Kg3 Re2 48. R4c3 Kg5 49. Rc1 Nh5+ 50. Kh3 Nf4+ 51. Kg3 Ra2 52. Rxc7 Ne2+
53. Kh3 Nf4+ 54. Kg3 Ne2+ 55. Kh3 Nf4+ 1/2-1/2

[Event "DVM U20 2013"]
[Site "Osnabrück GER"]
[Date "2013.12.29"]
[Round "6"]
[White "Eigemann, Julian"]
[Black "Hinrichs, Jan"]
[Result "0-1"]
[Termination "normal"]
[Board "1.5"]
[WhiteElo "1916"]
[BlackElo "2076"]
[WhiteTeam "SG Porz"]
[BlackTeam "Hamburger SK"]
[WhiteFideId "24666599"]
[BlackFideId "12907294"]
[EventCountry "GER"]
[EventRounds "7"]
[EventType "team-swiss"]
[EventDate "2013.12.26"]

1. Nc3 c5 2. Nf3 Nf6 3. g3 g6 4. Bg2 Bg7 5. d4 cxd4 6. Nxd4 d6 7. O-O O-O 8. e4
a6 9. h3 Nbd7 10. Be3 Ne5 11. Qe2 Qc7 12. Bg5 e6 13. Rad1 Rb8 14. f4 Nc4 15.
Na4 b5 16. b3 Na3 17. Nb2 Qc3 18. Bxf6 Bxf6 19. e5 dxe5 20. fxe5 Bg5 21. Nc6
Rb6 22. h4 Qxg3 23. Rf3 Qxh4 24. Rh3 Qf4 25. Nd3 Qf5 26. Rf1 Qxh3 27. Bxh3 Rxc6
28. Nb4 Rc3 29. Rf3 Rc5 30. c3 a5 31. Nc2 Nb1 32. c4 Bb7 33. Rd3 bxc4 34. bxc4
Rxc4 35. Rb3 Rfc8 36. Rxb7 Nd2 37. Qf2 Bf4 38. Ne1 Re4 39. Bg2 Be3 40. Bxe4
Bxf2+ 41. Kxf2 Nxe4+ 42. Ke3 Nc3 43. Ra7 Nd5+ 44. Kd4 Nb4 45. Ke3 Rc3+ 46. Kd4
Ra3 0-1

[Event "DVM U20 2013"]
[Site "Osnabrück GER"]
[Date "2013.12.29"]
[Round "6"]
[White "Hinrichs, Lars"]
[Black "Padva, Leo"]
[Result "1-0"]
[Termination "normal"]
[Board "1.6"]
[WhiteElo "2023"]
[BlackElo "1803"]
[WhiteTeam "Hamburger SK"]
[BlackTeam "SG Porz"]
[WhiteFideId "12921769"]
[BlackFideId "12964379"]
[EventCountry "GER"]
[EventRounds "7"]
[EventType "team-swiss"]
[EventDate "2013.12.26"]

1. e4 c6 2. d4 d5 3. e5 Bf5 4. h4 h6 5. g4 Bh7 6. Bd3 Bxd3 7. Qxd3 e6 8. h5 Nd7
9. Nf3 c5 10. Be3 Qb6 11. Nc3 cxd4 12. Bxd4 Bc5 13. O-O-O Ne7 14. Na4 Qb4 15.
Nxc5 Nxc5 16. Bxc5 Qxc5 17. Nd4 Nc6 18. Qb5 Qxb5 19. Nxb5 Ke7 20. f4 a6 21. Nd4
Rac8 22. Rh3 Nxd4 23. Rxd4 Rhd8 24. Rb3 Rd7 25. Kd2 Rc4 26. Kd3 Rdc7 27. c3 f6
28. Rb6 fxe5 29. fxe5 R4c6 30. Rdb4 Rxb6 31. Rxb6 Kd7 32. b3 Ke7 33. Kd4 Kd7
34. c4 dxc4 35. bxc4 Ke7 36. c5 Kd7 37. a3 Ke7 38. a4 Kd7 39. Kc4 Ke7 40. Kb4
Kd7 41. a5 Ke7 42. c6 bxc6 43. Rxa6 Rd7 44. Rxc6 Rd4+ 45. Rc4 Rd1 46. a6 Kd7
47. Kb5 Rb1+ 48. Rb4 Ra1 49. Kb6 Kc8 50. a7 Ra2 51. Rb5 Ra3 52. Rc5+ Kd8 53.
Ra5 Rb3+ 54. Ka6 Kc7 55. Rc5+ Kd7 56. a8=Q 1-0

[Event "DVM U20 2013"]
[Site "Osnabrück GER"]
[Date "2013.12.29"]
[Round "6"]
[White "Zimmermann, Ulrich"]
[Black "Carow, Johannes"]
[Result "0-1"]
[Termination "normal"]
[Board "2.1"]
[BlackTitle "FM"]
[WhiteElo "2267"]
[BlackElo "2399"]
[WhiteTeam "SK Bebenhausen 1992"]
[BlackTeam "Sfr.Heidesheim"]
[WhiteFideId "24654523"]
[BlackFideId "24692050"]
[EventCountry "GER"]
[EventRounds "7"]
[EventType "team-swiss"]
[EventDate "2013.12.26"]

1. d4 Nf6 2. c4 g6 3. Nc3 d5 4. Nf3 Bg7 5. Qa4+ c6 6. cxd5 Nxd5 7. e4 Nxc3 8.
bxc3 O-O 9. Be2 Nd7 10. Bg5 Qc7 11. e5 f6 12. Qb3+ Kh8 13. Bh4 fxe5 14. Ng5
exd4 15. Nf7+ Rxf7 16. Qxf7 d3 17. Bxd3 Qd8 18. O-O-O Qa5 19. Qxe7 Qxc3+ 20.
Bc2 Qb2+ 21. Kd2 Qc3+ 22. Kc1 Qb2+ 23. Kd2 Nf8 24. Rb1 Qc3+ 25. Kd1 Bg4+ 26. f3
Bxf3+ 27. gxf3 Qxf3+ 28. Kd2 Bc3+ 29. Kc1 Qf4+ 0-1

[Event "DVM U20 2013"]
[Site "Osnabrück GER"]
[Date "2013.12.29"]
[Round "6"]
[White "Carow, Annelen"]
[Black "Braun, Georg"]
[Result "1-0"]
[Termination "normal"]
[Board "2.2"]
[WhiteElo "2044"]
[BlackElo "2197"]
[WhiteTeam "Sfr.Heidesheim"]
[BlackTeam "SK Bebenhausen 1992"]
[WhiteFideId "24692492"]
[BlackFideId "24629383"]
[EventCountry "GER"]
[EventRounds "7"]
[EventType "team-swiss"]
[EventDate "2013.12.26"]

1. d4 Nf6 2. c4 c5 3. d5 b5 4. cxb5 a6 5. bxa6 g6 6. Nc3 Bxa6 7. e4 Bxf1 8.
Kxf1 d6 9. g3 Bg7 10. Kg2 O-O 11. Nf3 Nbd7 12. a4 Qa5 13. Re1 Ng4 14. Bd2 Qb6
15. Qc2 c4 16. Rf1 Nc5 17. h3 Ne5 18. Nxe5 Bxe5 19. Be3 Qb4 20. Bxc5 Qxc5 21.
Rfc1 Qb4 22. Rab1 Rfb8 23. h4 h5 24. Kf1 Rc8 25. Ke2 Bf6 26. Kf1 Bg7 27. Kg2
Bh6 28. Rd1 Bg7 29. Rdc1 Bh6 30. Rd1 Rcb8 31. Kf1 Bg7 32. Rdc1 Rc8 33. Kg2 Rcb8
34. Kf1 Qb3 35. Qxb3 Rxb3 36. Ke2 Rab8 37. Nb5 Rb4 38. Na3 Bxb2 39. Nb5 c3 40.
Rc2 Rxe4+ 41. Kd3 Rxa4 42. Nd4 Kf8 43. Re1 Ra5 44. Rxe7 Rxd5 45. Re4 Rb4 46. f3
Kg7 47. Rf4 Rb7 48. Re4 Ra7 49. Kc4 Rc5+ 50. Kd3 Rc8 51. Re1 Kf6 52. Nb3 Rb7
53. Nd4 Ra8 54. Kc4 Ra5 55. Kd3 Ra4 56. Re4 Ra1 57. Rf4+ Kg7 58. Ne2 Rd1+ 59.
Ke3 d5 60. Nxc3 Bc1+ 61. Ke2 Bxf4 62. Kxd1 Bxg3 63. Nxd5 Bxh4 64. Ke2 Bf6 65.
Rc6 Be5 66. f4 Bd4 67. Kf3 Ba1 68. Kg3 Rb3+ 69. Kg2 Bd4 70. Rc4 Bb2 71. Rc6 Rd3
72. Rc5 Ba3 73. Rb5 Bd6 74. Kf2 h4 75. Ke2 Rg3 76. Kf2 Kf8 77. Ra5 Ke8 78. Nf6+
Ke7 79. Ne4 Rd3 80. Ra7+ Kf8 81. Ra8+ Kg7 82. Ke2 Ra3 1-0

[Event "DVM U20 2013"]
[Site "Osnabrück GER"]
[Date "2013.12.29"]
[Round "6"]
[White "Gibicar, Danijel"]
[Black "Faldum, Manfred"]
[Result "1-0"]
[Termination "normal"]
[Board "2.3"]
[WhiteElo "2145"]
[BlackElo "1910"]
[WhiteTeam "SK Bebenhausen 1992"]
[BlackTeam "Sfr.Heidesheim"]
[WhiteFideId "24660256"]
[BlackFideId "12921459"]
[EventCountry "GER"]
[EventRounds "7"]
[EventType "team-swiss"]
[EventDate "2013.12.26"]

1. e4 c5 2. Nf3 g6 3. d4 cxd4 4. Nxd4 Bg7 5. Be2 Nc6 6. Nb3 Nf6 7. Nc3 O-O 8.
Be3 d6 9. f4 Bd7 10. O-O Rb8 11. a4 a5 12. Kh1 Nb4 13. Bf3 Bc6 14. Nd5 b5 15.
Nxb4 axb4 16. Nd4 Qc7 17. axb5 Bxb5 18. Nxb5 Rxb5 19. Ra7 Rb7 20. Ra6 Rbb8 21.
Qd3 Rfc8 22. Ba7 Rb7 23. Rfa1 Qxc2 24. Qxc2 Rxc2 25. e5 Rbc7 26. exf6 Bxf6 27.
h3 Bxb2 28. Rd1 Bc1 29. Bb6 Rc8 30. Bb7 Rb8 31. Be4 Rc4 32. Bd3 Rc3 33. Bd4
Rcc8 34. Ba7 Rb7 35. Ra1 Ra8 36. Rdxc1 Rbxa7 37. Rxa7 Rxa7 38. Rb1 Rb7 39. Bc4
Kg7 40. Kg1 Kf6 41. Kf2 e5 42. Ke3 Kf5 43. g3 exf4+ 44. gxf4 Rb6 45. Bxf7 g5
46. fxg5 Kxg5 47. Ke4 Kh4 48. Rb3 Kg5 49. Be6 Kf6 50. Bd5 Kg5 51. Be6 Kf6 52.
Bg8 h6 53. h4 Rb5 54. Rf3+ Kg6 55. Bf7+ Kg7 56. Bd5 Kg6 57. Bf7+ Kg7 58. Bc4
Rc5 59. Kd4 Kg6 60. Bf7+ Kg7 61. Bc4 Kg6 62. Rf4 Rf5 63. Bd3 1-0

[Event "DVM U20 2013"]
[Site "Osnabrück GER"]
[Date "2013.12.29"]
[Round "6"]
[White "Beck, Michael"]
[Black "Kaulich, Philipp Theodor"]
[Result "1/2-1/2"]
[Termination "normal"]
[Board "2.4"]
[WhiteElo "1958"]
[BlackElo "2101"]
[WhiteTeam "Sfr.Heidesheim"]
[BlackTeam "SK Bebenhausen 1992"]
[WhiteFideId "1271924"]
[BlackFideId "4641582"]
[EventCountry "GER"]
[EventRounds "7"]
[EventType "team-swiss"]
[EventDate "2013.12.26"]

1. e4 c5 2. d3 Nc6 3. g3 g6 4. Bg2 Bg7 5. Nf3 e5 6. O-O Nge7 7. Nc3 d6 8. Nd2
O-O 9. Nc4 Be6 10. a4 f5 11. Bg5 f4 12. Nd5 h6 13. Bxe7 Nxe7 14. c3 Qd7 15.
Nxe7+ Qxe7 16. h3 h5 17. Kh2 Rad8 18. Nd2 Bf6 19. c4 Kg7 20. Bf3 Rh8 21. Kg2
Qd7 22. Rh1 Rh7 23. Qe2 Rdh8 24. b3 Bd8 25. Rag1 fxg3 26. fxg3 h4 27. g4 Rf8
28. Nf1 Bg5 29. Ne3 Bxe3 30. Qxe3 Rf4 31. Rf1 Kg8 32. Rf2 Rhf7 33. Rhf1 g5 34.
Bd1 Qd8 35. Qd2 Qf8 36. Qe3 R7f6 37. Bf3 Qf7 38. Qd2 Kf8 39. Qa5 b6 40. Qd2 Qc7
41. Ra1 Qh7 42. Raf1 Qb7 43. Qc3 Kg7 44. Qd2 Kg6 45. Qc3 Rf8 46. Qc2 a6 47. Rb1
b5 48. axb5 axb5 49. Ra1 R4f7 50. Rff1 Rb8 51. Ra2 bxc4 52. bxc4 Qb3 53. Qxb3
Rxb3 54. Be2 Rxf1 55. Bxf1 Kf6 56. Kf2 Bd7 57. Ke3 Rb1 58. Rf2+ Ke7 59. Be2 Be6
60. Rf1 Rb3 61. Bd1 Ra3 62. Kd2 Bd7 63. Bc2 Ba4 64. Bxa4 Rxa4 65. Rf5 Ra2+ 66.
Ke3 Rh2 67. Rxg5 Rxh3+ 68. Ke2 Rg3 69. Rg6 h3 70. Rh6 Kf7 71. g5 Kg7 72. Kd2
Rg2+ 73. Ke3 Rg3+ 74. Ke2 Rg2+ 75. Ke3 h2 76. Kf3 Rd2 77. Ke3 Ra2 78. Kf3 Rc2
79. Ke3 Rb2 80. Kf3 Rd2 81. Ke3 Ra2 1/2-1/2

[Event "DVM U20 2013"]
[Site "Osnabrück GER"]
[Date "2013.12.29"]
[Round "6"]
[White "Faerber, Eric"]
[Black "Luzius, Jannik"]
[Result "1-0"]
[Termination "normal"]
[Board "2.5"]
[WhiteElo "2089"]
[BlackElo "1619"]
[WhiteTeam "SK Bebenhausen 1992"]
[BlackTeam "Sfr.Heidesheim"]
[WhiteFideId "24657611"]
[BlackFideId "1271981"]
[EventCountry "GER"]
[EventRounds "7"]
[EventType "team-swiss"]
[EventDate "2013.12.26"]

1. e4 c5 2. Nf3 g6 3. d4 cxd4 4. Nxd4 Bg7 5. Nc3 Nc6 6. Be3 Nf6 7. Bc4 Qa5 8.
O-O O-O 9. Bb3 d6 10. h3 Bd7 11. f4 Nxd4 12. Bxd4 Bc6 13. Qd3 Rad8 14. Qe3 b6
15. f5 Qa6 16. Rae1 Qb7 17. Qd3 Rd7 18. Re2 a6 19. a3 b5 20. Kh2 Kh8 21. Rfe1
Kg8 22. fxg6 hxg6 23. Qg3 Nh5 24. Qxg6 e5 25. Qxh5 exd4 26. Nd5 Bxd5 27. Bxd5
Qc7 28. Rf2 Re7 29. Ref1 Qd7 30. g3 Be5 31. Qg6+ 1-0

[Event "DVM U20 2013"]
[Site "Osnabrück GER"]
[Date "2013.12.29"]
[Round "6"]
[White "Pfeifer, Yannick"]
[Black "Lebeda, Timo"]
[Result "0-1"]
[Termination "normal"]
[Board "2.6"]
[WhiteElo "1385"]
[BlackElo "2095"]
[WhiteTeam "Sfr.Heidesheim"]
[BlackTeam "SK Bebenhausen 1992"]
[WhiteFideId "12953105"]
[BlackFideId "4638565"]
[EventCountry "GER"]
[EventRounds "7"]
[EventType "team-swiss"]
[EventDate "2013.12.26"]

1. e4 c5 2. Nf3 d6 3. d3 g6 4. g3 Bg7 5. Bg2 Nc6 6. O-O e5 7. Nc3 Nge7 8. Bd2
O-O 9. Qc1 Bg4 10. Bh6 f5 11. Bxg7 Kxg7 12. Ng5 f4 13. h3 Bd7 14. Nd5 Nd4 15.
Qd1 Nxd5 16. exd5 Qxg5 17. c3 f3 18. cxd4 fxg2 19. Kxg2 exd4 20. Qb3 Qf5 21. g4
Qf3+ 22. Kh2 Bxg4 23. hxg4 Qxg4 24. Qxb7+ Kh6 25. Qe7 0-1

[Event "DVM U20 2013"]
[Site "Osnabrück GER"]
[Date "2013.12.29"]
[Round "6"]
[White "Böhm, Malte"]
[Black "Miller, Eduard"]
[Result "0-1"]
[Termination "normal"]
[Board "3.1"]
[WhiteElo "2038"]
[BlackElo "2094"]
[WhiteTeam "SF Dortmund-Brackel 1930"]
[BlackTeam "SC Forchheim"]
[WhiteFideId "1270629"]
[BlackFideId "24687022"]
[EventCountry "GER"]
[EventRounds "7"]
[EventType "team-swiss"]
[EventDate "2013.12.26"]

1. Nf3 Nf6 2. g3 b6 3. Bg2 Bb7 4. O-O g6 5. c4 Bg7 6. Nc3 O-O 7. d3 d6 8. Bg5
Nbd7 9. Qd2 e5 10. Nd5 c6 11. Nxf6+ Bxf6 12. Bxf6 Qxf6 13. Rfc1 Qe7 14. e4 c5
15. Rf1 f5 16. exf5 gxf5 17. Qg5+ Qxg5 18. Nxg5 Bxg2 19. Kxg2 Rae8 20. Rfe1 h6
21. Nf3 Nb8 22. Nh4 Nc6 23. Rad1 Kg7 24. a3 Kf6 25. f4 Ke6 26. Kf2 Kd7 27. Ng2
Nd4 28. Ne3 Kc6 29. Nd5 b5 30. Rd2 e4 31. Nc3 Nf3 32. cxb5+ Kb7 33. Ke2 Nxe1
34. dxe4 Ng2 35. e5 Nxf4+ 36. gxf4 Re6 37. b6 Kc6 38. bxa7 dxe5 39. fxe5 Rxe5+
40. Kf3 Ra8 41. Rg2 Rxa7 42. Rg6+ Kd7 43. Rxh6 Rb7 44. Kf4 Re6 45. Rh7+ Re7 46.
Rxe7+ Kxe7 47. b4 cxb4 48. axb4 Ke6 49. b5 Rc7 50. Ne2 Rc4+ 51. Kg5 Rg4+ 52.
Kh5 Kf6 53. h3 Rb4 0-1

[Event "DVM U20 2013"]
[Site "Osnabrück GER"]
[Date "2013.12.29"]
[Round "6"]
[White "Killmann, Martin"]
[Black "Reisberg, Andre"]
[Result "1-0"]
[Termination "normal"]
[Board "3.2"]
[WhiteElo "1829"]
[BlackElo "1994"]
[WhiteTeam "SC Forchheim"]
[BlackTeam "SF Dortmund-Brackel 1930"]
[WhiteFideId "24651559"]
[BlackFideId "1270630"]
[EventCountry "GER"]
[EventRounds "7"]
[EventType "team-swiss"]
[EventDate "2013.12.26"]

1. d4 d5 2. c4 e6 3. Nc3 Nf6 4. cxd5 exd5 5. Bg5 Be7 6. e3 c6 7. Bd3 Nbd7 8.
Nf3 O-O 9. O-O Re8 10. Qc2 h6 11. Bf4 Nf8 12. h3 Bd6 13. Bxd6 Qxd6 14. Rab1 Bd7
15. Ne5 c5 16. Nxd7 N8xd7 17. dxc5 Qxc5 18. Rfd1 Nb6 19. Rbc1 Qe7 20. Qb3 Rac8
21. a4 Red8 22. a5 Na8 23. Nxd5 Nxd5 24. Rxc8 Rxc8 25. Qxd5 Kf8 26. Qf5 Rd8 27.
Qh7 Qf6 28. Rc1 b6 29. Be4 g5 30. Rc6 Qxb2 31. Qxh6+ Ke8 32. Qxg5 bxa5 33. Rf6
Kf8 34. Qc5+ Kg7 35. Rf4 Qb8 36. Qe7 1-0

[Event "DVM U20 2013"]
[Site "Osnabrück GER"]
[Date "2013.12.29"]
[Round "6"]
[White "Schwiddessen, Jan"]
[Black "Mann, Johannes"]
[Result "1/2-1/2"]
[Termination "normal"]
[Board "3.3"]
[WhiteElo "1877"]
[BlackElo "1910"]
[WhiteTeam "SF Dortmund-Brackel 1930"]
[BlackTeam "SC Forchheim"]
[WhiteFideId "1270631"]
[BlackFideId "24691380"]
[EventCountry "GER"]
[EventRounds "7"]
[EventType "team-swiss"]
[EventDate "2013.12.26"]

1. e4 c6 2. d4 d5 3. Nc3 dxe4 4. Nxe4 Bf5 5. Ng3 Bg6 6. h4 h6 7. Nf3 Nd7 8. h5
Bh7 9. Bd3 Bxd3 10. Qxd3 e6 11. Bd2 Ngf6 12. O-O-O Be7 13. Kb1 O-O 14. Ne4 Nxe4
15. Qxe4 Nf6 16. Qe2 c5 17. g4 cxd4 18. g5 hxg5 19. Bxg5 Nh7 20. Rxd4 Qe8 21.
Qe5 Nxg5 22. Nxg5 Bf6 23. Qe3 Bxd4 24. Qxd4 Qe7 25. Rg1 e5 26. Qd3 f5 27. Qb3+
Kh8 28. Ne6 Rf7 29. Rg6 Rf6 30. Nxg7 Rxg6 1/2-1/2

[Event "DVM U20 2013"]
[Site "Osnabrück GER"]
[Date "2013.12.29"]
[Round "6"]
[White "Stephan, Michael"]
[Black "Tekin, Baran"]
[Result "1/2-1/2"]
[Termination "normal"]
[Board "3.4"]
[WhiteElo "1863"]
[BlackElo "1779"]
[WhiteTeam "SC Forchheim"]
[BlackTeam "SF Dortmund-Brackel 1930"]
[WhiteFideId "24656852"]
[BlackFideId "12945633"]
[EventCountry "GER"]
[EventRounds "7"]
[EventType "team-swiss"]
[EventDate "2013.12.26"]

1. e4 g6 2. d4 Bg7 3. Nc3 a6 4. h4 b5 5. h5 Nh6 6. Nf3 d6 7. Bf4 Bg4 8. Qd2 Ng8
9. h6 Bf8 10. O-O-O Nd7 11. e5 c5 12. Ne4 d5 13. Nxc5 Nxc5 14. dxc5 Bxf3 15.
gxf3 e6 16. b4 Ne7 17. Bg5 Qd7 18. Bf6 Rg8 19. Bxe7 Bxe7 20. Kb2 Qc7 21. f4 Kd7
22. Ra1 Rgb8 23. Bd3 a5 24. c3 Kc6 25. Kc2 axb4 26. cxb4 Ra3 27. Kd1 Rf8 28.
Rb1 Rg8 1/2-1/2

[Event "DVM U20 2013"]
[Site "Osnabrück GER"]
[Date "2013.12.29"]
[Round "6"]
[White "Raschkowski, Alexander"]
[Black "Wagner, Robert"]
[Result "0-1"]
[Termination "normal"]
[Board "3.5"]
[WhiteElo "1748"]
[BlackElo "1848"]
[WhiteTeam "SF Dortmund-Brackel 1930"]
[BlackTeam "SC Forchheim"]
[WhiteFideId "12964263"]
[BlackFideId "24656879"]
[EventCountry "GER"]
[EventRounds "7"]
[EventType "team-swiss"]
[EventDate "2013.12.26"]

1. e4 c5 2. Nc3 d6 3. f4 Nc6 4. Nf3 g6 5. Bb5 Bd7 6. O-O Bg7 7. d3 e6 8. Qe1
Nge7 9. h4 Nd4 10. Bxd7+ Qxd7 11. Nxd4 Bxd4+ 12. Kh1 f5 13. Ne2 Bg7 14. Ng1
O-O-O 15. Nf3 Nc6 16. exf5 exf5 17. c3 Rde8 18. Qf2 Bf6 19. Bd2 Re7 20. Rfe1
Rhe8 21. Rxe7 Rxe7 22. Re1 Qe8 23. Rxe7 Qxe7 24. g3 Kd7 25. Be3 b6 26. Nd2 Qe6
27. d4 cxd4 28. Bxd4 Nxd4 29. cxd4 Qxa2 30. Nf3 Qc4 31. Kg2 b5 32. Qd2 b4 33.
Ng5 h6 34. Nf7 Qxf7 35. Qxb4 Qd5+ 36. Kh3 Bxd4 37. Qa4+ Ke7 38. b4 g5 39. fxg5
hxg5 0-1

[Event "DVM U20 2013"]
[Site "Osnabrück GER"]
[Date "2013.12.29"]
[Round "6"]
[White "Wichmann, Adrian"]
[Black "Gesinghaus, Dustin"]
[Result "0-1"]
[Termination "normal"]
[Board "3.6"]
[WhiteElo "1786"]
[BlackElo "1716"]
[WhiteTeam "SC Forchheim"]
[BlackTeam "SF Dortmund-Brackel 1930"]
[WhiteFideId "12904708"]
[BlackFideId "12964271"]
[EventCountry "GER"]
[EventRounds "7"]
[EventType "team-swiss"]
[EventDate "2013.12.26"]

1. e4 e5 2. Nf3 Nc6 3. Bc4 Nf6 4. Ng5 d5 5. exd5 Na5 6. Bb5+ c6 7. dxc6 bxc6 8.
Bd3 Bc5 9. O-O O-O 10. Nc3 Nb7 11. b3 Nd6 12. Bb2 Bd4 13. Rb1 h6 14. Nge4 Nfxe4
15. Nxe4 Bxb2 16. Nxd6 Qxd6 17. Rxb2 Qf6 18. Rb1 Bb7 19. Qe2 Qf4 20. Qe4 Qxe4
21. Bxe4 f5 22. Bd3 Rad8 23. Bc4+ Kh8 24. d3 c5 25. f3 Rd6 26. Rbe1 Re8 27. Re2
Ba6 28. Bxa6 Rxa6 29. a4 Kg8 30. h3 Kf7 31. Rfe1 Rae6 32. g4 Kf6 33. Kh2 Kg5
34. gxf5 Kxf5 35. Re4 Rc8 36. f4 Rce8 37. Rxe5+ Rxe5 38. fxe5 Rxe5 39. Rxe5+
Kxe5 40. Kg3 Kd4 41. Kf4 Kc3 42. Ke4 g5 43. d4 cxd4 44. b4 Kxb4 45. Kxd4 h5 46.
c4 g4 47. h4 g3 48. Ke3 Kxc4 49. Kf3 Kb4 50. Kxg3 Kxa4 51. Kf4 Kb4 52. Kg5 a5
53. Kxh5 a4 54. Kg6 a3 55. h5 a2 56. h6 a1=Q 57. Kh7 Qf6 0-1

[Event "DVM U20 2013"]
[Site "Osnabrück GER"]
[Date "2013.12.29"]
[Round "6"]
[White "Mao, Kevin"]
[Black "Kieslich, Aaron"]
[Result "1/2-1/2"]
[Termination "normal"]
[Board "4.1"]
[WhiteElo "1951"]
[BlackElo "2021"]
[WhiteTeam "SK Gernsheim"]
[BlackTeam "TuS Coswig 1920"]
[WhiteFideId "1271183"]
[BlackFideId "1270391"]
[EventCountry "GER"]
[EventRounds "7"]
[EventType "team-swiss"]
[EventDate "2013.12.26"]

1. e4 c5 2. Nc3 Nc6 3. d3 g6 4. Be3 d6 5. d4 cxd4 6. Bxd4 Nxd4 7. Qxd4 Nf6 8.
e5 dxe5 9. Bb5+ Bd7 10. Qxe5 a6 11. Bxd7+ Qxd7 12. Rd1 Qe6 13. Qxe6 fxe6 14.
Nf3 Bh6 15. O-O O-O 16. Rfe1 Kf7 17. Ne5+ Kg8 18. Nd7 Rfd8 19. Nxf6+ exf6 20.
Rxe6 Rxd1+ 21. Nxd1 Rd8 22. Ne3 Bxe3 23. fxe3 f5 24. Re7 b5 25. Rc7 Rd2 26. Rc6
a5 27. Rc5 a4 28. Rxb5 Rxc2 29. Rb7 a3 30. bxa3 Rxa2 31. Ra7 Re2 32. a4 Rxe3
33. Kf2 Ra3 1/2-1/2

[Event "DVM U20 2013"]
[Site "Osnabrück GER"]
[Date "2013.12.29"]
[Round "6"]
[White "Linnemann, Niklas"]
[Black "Di Capua, Francesco Stefano"]
[Result "1-0"]
[Termination "normal"]
[Board "4.2"]
[WhiteElo "1972"]
[BlackElo "1818"]
[WhiteTeam "TuS Coswig 1920"]
[BlackTeam "SK Gernsheim"]
[WhiteFideId "24695645"]
[BlackFideId "24698903"]
[EventCountry "GER"]
[EventRounds "7"]
[EventType "team-swiss"]
[EventDate "2013.12.26"]

1. e4 e5 2. Nf3 Nc6 3. Bb5 a6 4. Bxc6 dxc6 5. O-O Bg4 6. h3 h5 7. d3 Qf6 8.
Nbd2 Bxf3 9. Nxf3 Ne7 10. Bg5 Qe6 11. d4 f6 12. Be3 O-O-O 13. Qe2 exd4 14. Bxd4
Rh6 15. Bc3 c5 16. Rad1 Re8 17. Qd3 Nc6 18. a3 Bd6 19. Rfe1 g5 20. Nd2 Rd8 21.
Qc4 Qe7 22. a4 g4 23. h4 g3 24. f3 Bf4 25. Nf1 Rhh8 26. Rd5 Bd6 27. Ne3 Ne5 28.
Bxe5 Bxe5 29. Nf5 Qf8 30. c3 Rh7 31. Red1 Rhd7 32. Rxd7 Rxd7 33. Qe6 Bd6 34.
Rd5 Qd8 35. Nxd6+ cxd6 36. Rxd6 Kc7 37. Rxd7+ Qxd7 38. Qxd7+ Kxd7 39. b3 f5 40.
exf5 b5 41. axb5 axb5 42. Kf1 Ke7 43. Ke2 Kf6 44. f4 1-0

[Event "DVM U20 2013"]
[Site "Osnabrück GER"]
[Date "2013.12.29"]
[Round "6"]
[White "Müller, Markus"]
[Black "Müller, Richard"]
[Result "0-1"]
[Termination "normal"]
[Board "4.3"]
[WhiteElo "1807"]
[BlackElo "2122"]
[WhiteTeam "SK Gernsheim"]
[BlackTeam "TuS Coswig 1920"]
[WhiteFideId "24660590"]
[BlackFideId "24647128"]
[EventCountry "GER"]
[EventRounds "7"]
[EventType "team-swiss"]
[EventDate "2013.12.26"]

1. d4 Nf6 2. Bg5 d5 3. c4 dxc4 4. Nc3 c6 5. e3 Nd5 6. Bxc4 Nxc3 7. bxc3 Qa5 8.
Qb3 Qxg5 9. Bxf7+ Kd8 10. O-O-O Qxg2 11. d5 c5 12. Qb5 Nd7 13. Qa4 Qxf2 0-1